000 00463nam a2200181Ia 4500
005 20250630122142.0
008 008 250516s9999 xx 000 0 eng d
020 _a9781847925541
040 _beng
_cSDCL
041 _aeng
_2eng
084 _aR:(S:4) R3
100 _aSapolsky, Robert
_9809665
245 0 _aDetermind :
_bLife without free will
260 _aLondon:
_bPenguin,
_c2023.
300 _a511p.
650 _aPhilosophy
942 _cTEXL
_2CC
999 _c1429696
_d1429696